|
|
|
|
| LEADER |
00000nam0a2200000 4500 |
| 001 |
57121 |
| 005 |
20231031054057.0 |
| 010 |
|
|
|a 5931080406
|
| 035 |
|
|
|a (RuTPU)RU\TPU\book\60253
|
| 090 |
|
|
|a 57121
|
| 100 |
|
|
|a 20031023d2003 k y0rusy50 ca
|
| 101 |
0 |
|
|a rus
|
| 102 |
|
|
|a RU
|
| 105 |
|
|
|a a z 011zy
|
| 200 |
1 |
|
|a Миллиметровые волны и фотосинтезирующие организмы
|f Под ред. Ю. В. Гуляева; А. Х. Тамбиева
|
| 210 |
|
|
|a Москва
|c Радиотехника
|d 2003
|
| 215 |
|
|
|a 175 с.
|c ил.
|
| 300 |
|
|
|a Посвящается 250-летию Московского государственного университета им. М. В. Ломоносова
|
| 320 |
|
|
|a Библиогр.: с. 147-175
|
| 610 |
1 |
|
|a биология
|
| 610 |
1 |
|
|a биофизика
|
| 610 |
1 |
|
|a электромагнитные волны
|
| 610 |
1 |
|
|a живые организмы
|
| 610 |
1 |
|
|a биотехнология
|
| 610 |
1 |
|
|a микробиология
|
| 610 |
1 |
|
|a фотосинтезирующие организмы
|
| 610 |
1 |
|
|a растения
|
| 610 |
1 |
|
|a воздействия
|
| 675 |
|
|
|a 577.35
|v 3
|
| 702 |
|
1 |
|a Гуляев
|b Ю. В.
|g Юрий Васильевич
|4 340
|
| 702 |
|
1 |
|a Тамбиев
|b А. Х.
|g Александр Хапачивич
|4 340
|
| 801 |
|
1 |
|a RU
|b 63413507
|c 20031023
|g PSBO
|
| 801 |
|
2 |
|a RU
|b 63413507
|c 20040415
|g PSBO
|
| 942 |
|
|
|c BK
|